00680nam a2200229Ia 450000500170000000800410001702000130005804000190007104100120009008200130010210000160011524500630013126000360019430000120023050400340024265000140027665100140029085000100030494200070031499900160032195201130033720240116112551.0131103s9999 xx 000 0 und d cRs 12.50 aLoreto College aEnglish a370bMAT aMathur,S.S. 3aA Sociological Approach to Indian Education, cS.S.Mathur aAgrabVinod Pustak Mandirc1966 a342 p.  aIncludes references and index aEducation aEducation aLCLIB cBK c2963d53442 00102ddc4070aMAINbMAINd2013-11-04l1o370 MAT 17281pB2825r2001-01-01s2001-01-01w2013-11-04yBKf